| 000 | 01493cam a2200241 4500 | ||
|---|---|---|---|
| 001 | WB3804-12 | ||
| 008 | 020129n2002 000 0 eng u | ||
| 035 | _a(Sirsi) u116525 | ||
| 245 | _aLimitation | ||
| 260 | _c2002 | ||
| 490 |
_aEstates Gazette Case Summaries _v[2002] 04 EG 173 (CS) (26/1/02) |
||
| 490 |
_aProperty, Planning and Compensation Reports _v[2003] 1 P&CR 153-167(15) |
||
| 520 | _aCA 16 January 2002. "Kensington and Chelsea Royal LBC v Khan and another". The defendants K failed to carry out works to their property as required by notices served upon them by the claimants K. So the claimants carried out the work themselves and obtained statutory charges over the premises to secure their expenses accrued from the work under the Housing Act 1957 and the Housing Act 1961, as amended by the Housing Act 1964. The defendants did not pay, although the claimants did not bring proceedings to recover possession of the land charged until 30 July 1999. The judge found that the claim had been brought within the 12-year limitation period under the Limitation Act 1980 s15 and allowed the claim. The defendants appealed. "Held", appeal dismissed. | ||
| 590 | _aWB | ||
| 650 | _aLIMITATION | ||
| 650 | _aLIMITATION ACT 1980 S15 | ||
| 650 | _aHOUSING ACT 1957 S37 | ||
| 650 | _aKENSINGTON AND CHELSEA ROYAL LBC V KHAN AND ANOTHER | ||
| 650 | _aHOUSING ACT 1964 S15 | ||
| 650 | _aEXPENSES | ||
| 690 | _aLANDLORD AND TENANT-RESIDENTIAL TENANCIES-CASE LAW | ||
| 942 | _n0 | ||
| 999 |
_c69382 _d69382 |
||